Plantas ornamentales chilenas
Uloženo v:
| Hlavní autor: | |
|---|---|
| Médium: | Kniha |
| Jazyk: | španělština |
| Vydáno: |
Lamas.
1995.
|
| Témata: | |
| Tagy: |
Přidat tag
Žádné tagy, Buďte první, kdo vytvoří štítek k tomuto záznamu!
|
MARC
| LEADER | 00000nam a22000005a 4500 | ||
|---|---|---|---|
| 001 | 4909 | ||
| 003 | CL-ChBUA | ||
| 005 | 20180906145650.0 | ||
| 007 | ta | ||
| 008 | 070301s1995 cl 000 0 spa | ||
| 020 | |a 9567055076 | ||
| 040 | |a CL-ChBUA |c CL-ChBUA |e rda | ||
| 082 | 0 | 0 | |a 581.983 |
| 100 | 1 | |a Rodríguez Rodríguez, Guillermo. | |
| 245 | 1 | 0 | |a Plantas ornamentales chilenas |
| 260 | |b Lamas. |c 1995. | ||
| 300 | |a var. págs.:il. |b var. págs.:il. |c 25 cm. | ||
| 336 | |2 rdacontent |a text |b txt | ||
| 337 | |2 rdamedia |a unmediated |b n | ||
| 338 | |2 rdacarrier |a volumen |b nc | ||
| 504 | |a Indice. | ||
| 650 | 4 | |a BOTANICA. | |
| 650 | 4 | |a PLANTAS ORNAMENTALES (CHILE). | |
| 942 | |c LIB |2 ddc | ||
| 945 | |0 xx | ||
| 952 | |0 0 |1 0 |2 ddc |4 0 |6 581_983000000000000_R_696 |7 0 |9 7248 |a UNACH |b UNACH |c 500 |d 2007-03-05 |i 30.535. |l 0 |o 581.983 / R 696. |p 8247 |r 2017-04-25 00:00:00 |u 7248 |w 2012-08-08 |y LIB | ||
| 999 | |c 4909 |d 4909 | ||